00843nam a22002417a 450000500170000001000130001702000100003003500130004003700160005304000120006908200190008110000290010024500960012924600660022526000560029127001210034730000200046850000160048865000200050465000320052465000240055665000210058020170123162354.0 aA-419319 c18.00 aA-419319 bCen Lib/Ret aDPLbUR a848bا خ ت  aاورنوی، اختر  a/ بہار میں ادرو زبان کا ارتقاء ١٨٥٧ تک cاختر اورنوی aBahar main urdu zuban ka irtiqa 1857 tak /bby Akhtar Urainvi aنئی دہلیbترقی اردو بوروc1989 aڈائرکڑئز في اردو بیوروا'وبٹ بلا کت8 آر کے پور مbنئی دہلیe110066 a347p.c21cm(Hb) aانڈکس  aاردو ادب aاردو افسانہ x  v aUrdu literature  aUrdu fiction v